Comedias /
Shranjeno v:
| Glavni avtor: | |
|---|---|
| Format: | Knjiga |
| Jezik: | španščina |
| Izdano: |
México :
Porrúa,
1974
|
| Serija: | (Sepan Cuántos ;
258) |
| Teme: | |
| Oznake: |
Brez oznak, prvi označite!
|
MARC
| LEADER | 00000nam^a2200000^a^4500 | ||
|---|---|---|---|
| 001 | 000014132 | ||
| 005 | 20250521000000.0 | ||
| 009 | 20260310083931.586 | ||
| 037 | |a Acervo ITESO - Biblioteca | ||
| 041 | |a ESP | ||
| 082 | |a 082. |b POR V. 258 | ||
| 100 | |a Plauto, Tito Maccio |e (autor) | ||
| 240 | 1 | 1 | |a [Comedias de Plauto] |
| 240 | 1 | 5 | |a [Los mellizos] |
| 240 | 1 | 3 | |a [El militar fanfarrón] |
| 240 | 1 | 4 | |a [La comedia de la olla] |
| 240 | 1 | 3 | |a [El gorgojo] |
| 240 | 1 | 1 | |a [Anfitrión, de Tito Maccio Plauto] |
| 240 | 1 | 5 | |a [Los cautivos] |
| 245 | 1 | 0 | |a Comedias / |c T.M. Plauto. |
| 264 | 1 | |a México : |b Porrúa, |c 1974 | |
| 300 | |a 236 p. | ||
| 336 | |a texto |b txt |2 rdacontenido | ||
| 337 | |a sin mediación |b n |2 rdamedio | ||
| 338 | |a volumen |b nc |2 rdasoporte | ||
| 440 | 1 | |a (Sepan Cuántos ; |v 258) | |
| 649 | |a XX | ||
| 650 | |a Comedia Latina | ||
| 650 | |a Teatro Latino | ||
| 650 | |a Teatro Clásico | ||
| 650 | |a Literatura Latina | ||
| 650 | |a Literatura Clásica | ||
| 740 | 4 | |a Los Mellizos / |c T.M. Plauto. | |
| 740 | 3 | |a El Militar Fanfarón / |c T.M. Plauto. | |
| 740 | 3 | |a La Olla / |c T.M. Plauto. | |
| 740 | 3 | |a El Gorgojo / |c T.M. Plauto. | |
| 740 | 0 | |a Anfritión / |c T.M. Plauto. | |
| 740 | 4 | |a Los Cautivos / |c T.M. Plauto. | |
| 910 | |a Fondo General | ||
| 920 | |a Impresos - Libros | ||
| 930 | |a Colección General | ||
| 940 | |a Literatura | ||
| 905 | |a 101 | ||
| 901 | |a 0141320100 |b IT1 |c LIT |i 014132 |u 20250521 | ||
| 902 | |a https://opac.biblio.iteso.mx/vufind/Record/000014132 | ||